000 00834nam a22002177a 4500
005 20100723123156.0
010 _aENG-96576
020 _a8180895123
_c300.00
020 _a9788180695124
_c300.00
035 _aEN-80109
037 _bDBAD /PUB
082 _a954.1270089
100 _aSen, Sunil Kumar
245 _aTribal struggle for freedom :
_bSinghbhum 1820-1858 /
_cby Sunil Kumar Sen
260 _aNew Delhi
_bConcept Publishing Co.
_c2008
270 _aA/15-16,Commercial Block,Mohan Garden
_bNew Delhi
_e110059
300 _a128p.
_c23cm (Hb)
500 _aIncludes bibliographical references and index
942 _2ddc
_cEN
_mSEN
_h954.1270089
999 _c37369
_d37369